Earthworm Jim - Statistics

General Stats
  • This quiz has been taken 5 times
  • The average score is 35 of 59
Answer Stats
Hints Answer % Correct
Information Release date August 2, 1994
100%
Allies Princess Jim is trying to rescue Princess What's-Her-Name
100%
Levels Space race Andy Asteroids?
75%
Levels The insectica planet Buttville
75%
Allies Creature that is launched in the first level and makes an impact at the end Cow
75%
Levels Underwater hamster maze Down the Tubes
75%
Allies Hero of the adventure Earthworm Jim
75%
Boss Insectica ruler who is after Jim's suite Evil Queen Pulsating, Bloated, Festering, Sweaty, Pus-Filled, Malformed Slug-For-A-Butt
75%
Levels Is a walk in the park, so to speak For Pete's Sake
75%
System Nintendo Gameboy
75%
System Sega Game Gear
75%
System Sega Genesis
75%
Levels Mad scientist's laboratory Level 5
75%
System Sega Master System
75%
System Special Edition Mega CD
75%
System Sega Mega Drive
75%
Levels Takes place in a junkyard New Junk City
75%
Boss Simian brained mad scientist Professor Monkey-For-A-Head
75%
Boss Intergalactic bounty hunter Psy-Crow
75%
System Special Edition Sega CD
75%
Information Developed by Shiny Entertainment
75%
Levels Extreme bungee jumping Snot a Problem
75%
System Nintendo Super Famicom
75%
System Nintendo Super Nintendo
75%
Levels Underwater in a bathosphere Tube Race
75%
Levels Demon filled labyrinth What the Heck?
75%
Levels Pitch black maze Who Turned Out the Lights
75%
Levels Chased by a dinosaur Big Bruty
50%
Boss Red dinosaur with poor eyesight Big Bruty
50%
Boss Fish with the most epic boss fight Bob the Killer Goldfish
50%
Boss The grossest of junkyard owners Chuck
50%
Boss A level boss and first section of the small intestine Doc Duodenum
50%
Information Original Creator Doug TenNapel
50%
System Collection Earthworm Jim 1 and 2: The Whole Can of Worms
50%
System Collection Evercade Interplay Collection 1
50%
Boss Dasterly feline with 9 lives Evil the Cat
50%
System Nintendo Gameboy Advance
50%
Levels Squishy "interior" Intestinal Distress
50%
Boss Military leader of a boogery planet Major Mucus
50%
System Digital Release Nintendo 3DS
50%
System Digital Release Nintendo DS
50%
System Digital Release Nintendo Wii
50%
Allies Friend that Jim must escort home in For Pete's Sake Peter Puppy
50%
System Digital Release Phones (iphone/android/windows)
50%
Information Published by Playmates Interactive
50%
System HD Playstation 3
50%
Mini-Boss Snowman of What the Heck? Rusty the Snowman
50%
System Collection Sega Genesis Mini
50%
System Special Edition Windows 95
50%
System HD Xbox 360
50%
Mini-Boss Trash can from New Junk City Billy the Bin
25%
Levels HD: Takes place inside of a computer Cheap Chaps-Chopping Chips
25%
Mini-Boss Found at the "end" of Buttville J. Alfred Maggot
25%
Levels HD: Takes place inside of a computer Locustumization
25%
Boss Old woman with electronic knitting Old Grand Ma
25%
Boss Musical feline Pitch the Cat
25%
Levels HD: Takes place inside of a computer Play Me Off, GAMEPAD WORM!
25%
Mini-Boss Cybernetic Poultry in Level 5 Robo-Chicken
25%
Boss A group of cyber insects Robot Mosquitos
25%
No matching quizzes found
Score Distribution
Percent of People with Each Score
Percentile by Number Answered
Your Score History
You have not taken this quiz